[Event "Mittelfranken EM 2022"]
[Site "Nuernberg"]
[Date "2022.04.17"]
[Round "7.16"]
[White "Suess, Helmut"]
[Black "Frenz, Joachim"]
[Result "1/2-1/2"]
[WhiteElo "1815"]
[BlackElo "1550"]
[PlyCount "80"]
[EventDate "2022.??.??"]
[WhiteTeam "SC NT Nuernberg"]
[BlackTeam "SC Stein"]

1. d4 d5 2. Bf4 c5 3. e3 cxd4 4. exd4 Nf6 5. c3 Nc6 6. Bd3 Bg4 7. Nf3 e6 8.
Nbd2 Bd6 9. Bg3 Bxg3 10. hxg3 Qc7 11. Be2 O-O-O 12. O-O h5 13. Re1 Rdg8 14. Ne5
Bxe2 15. Qxe2 h4 16. Nxc6 bxc6 17. Qe5 hxg3 18. Qxc7+ Kxc7 19. fxg3 Ng4 20. Nf3
Rf8 21. Ne5 Nf6 22. Kf2 Ne4+ 23. Kf3 Rh6 24. Ng4 Rh5 25. Ne3 Rg5 26. g4 f5 27.
gxf5 exf5 28. Nf1 Rh5 29. Ng3 Rh4 30. Rh1 Ng5+ 31. Kf2 Rxh1 32. Rxh1 Ne4+ 33.
Kf3 Nd6 34. Rh7 Rf7 35. Nh5 g6 36. Rxf7+ Nxf7 37. Nf4 g5 38. Ne6+ Kd6 39. Nc5
Kc7 40. b4 Kb6 1/2-1/2

[Event "Mittelfranken EM 2022"]
[Site "Nuernberg"]
[Date "2022.04.17"]
[Round "7.17"]
[White "Oeztuerk, Dilara"]
[Black "Dyroff, Roland"]
[Result "0-1"]
[WhiteElo "794"]
[BlackElo "1802"]
[PlyCount "44"]
[EventDate "2022.??.??"]
[WhiteTeam "Zabo-Eintr Nuernberg"]
[BlackTeam "SW Nuernberg Sued"]

1. e4 c5 2. d4 cxd4 3. c3 dxc3 4. Nxc3 Nc6 5. Nf3 a6 6. Bc4 e6 7. O-O b5 8. Bb3
Bc5 9. e5 d5 10. exd6 Qxd6 11. Qe2 Qe7 12. Bf4 Nf6 13. Rac1 Bb7 14. Rfd1 O-O
15. Bc2 Nb4 16. Bb1 Nh5 17. Be3 Bxe3 18. Qxe3 Rfd8 19. Ne4 Nd5 20. Qe1 Qb4 21.
Qxb4 Nxb4 22. Nd6 Bd5 0-1

[Event "Mittelfranken EM 2022"]
[Site "Nuernberg"]
[Date "2022.04.17"]
[Round "7.18"]
[White "Cordts, Elof"]
[Black "Ratushny, Viktor"]
[Result "0-1"]
[WhiteElo "1681"]
[BlackElo "1250"]
[PlyCount "104"]
[EventDate "2022.??.??"]
[WhiteTeam "SC Erlangen"]
[BlackTeam "SW Nuernberg Sued"]

1. e4 e5 2. Nf3 Nf6 3. Bc4 Nc6 4. d3 Bc5 5. Bg5 d6 6. O-O Be6 7. Nbd2 Qd7 8. c3
O-O-O 9. b4 Bb6 10. Bxe6 fxe6 11. Nc4 h6 12. Nxb6+ axb6 13. Be3 g5 14. a4 Rdg8
15. a5 bxa5 16. bxa5 Kd8 17. a6 bxa6 18. Rxa6 Ke7 19. Qa4 Nb8 20. Qxd7+ Kxd7
21. Ra2 Nc6 22. h3 g4 23. hxg4 Nxg4 24. Bc1 h5 25. Nh4 Ne7 26. f4 exf4 27. Rxf4
Rf8 28. Ra5 Rxf4 29. Bxf4 Nc6 30. Rg5 Rb8 31. Kf1 Nce5 32. Bxe5 Nxe5 33. d4 Nd3
34. Ke2 Nf4+ 35. Kf3 Rf8 36. Ke3 e5 37. g3 exd4+ 38. cxd4 Ne6 39. Rxh5 c5 40.
dxc5 Nxc5 41. Nf3 Re8 42. Rh7+ Kc6 43. Nd4+ Kb6 44. Rh4 d5 45. Rh6+ Kb7 46.
Rh7+ Kb6 47. Rh6+ Kb7 48. Rh7+ Kc8 49. Nc6 Rxe4+ 50. Kf3 Ne6 51. Ne7+ Kd8 52.
Nxd5 Ng5+ 0-1

[Event "Mittelfranken EM 2022"]
[Site "Nuernberg"]
[Date "2022.04.17"]
[Round "7.19"]
[White "Wettermann, Bernd"]
[Black "Majid, Hakim"]
[Result "1-0"]
[WhiteElo "1781"]
[BlackElo "1481"]
[PlyCount "112"]
[EventDate "2022.??.??"]
[WhiteTeam "Zabo-Eintr Nuernberg"]
[BlackTeam "SW Nuernberg Sued"]

1. e4 e5 2. Nf3 Nc6 3. Bc4 Be7 4. c3 Nf6 5. d3 O-O 6. O-O d5 7. exd5 Nxd5 8.
Re1 Nb6 9. Bb3 Bd6 10. Bg5 Qd7 11. Nbd2 Qf5 12. Ne4 Be7 13. Bxe7 Nxe7 14. Ng3
Qf4 15. Nxe5 Nf5 16. d4 Nh6 17. Re4 Qf6 18. Qe2 Bf5 19. Nxf5 Qxf5 20. Re1 Kh8
21. Nf3 Rad8 22. Re7 Nd5 23. Bxd5 Qxd5 24. a3 Qd6 25. Qe5 Qxe5 26. R1xe5 Rc8
27. Rc5 Ng8 28. Rexc7 Rxc7 29. Rxc7 f5 30. Ne5 Nf6 31. Rxb7 Nd5 32. Rxa7 Rb8
33. g3 h6 34. c4 Nf6 35. b4 Ne4 36. d5 Nc3 37. d6 Ne2+ 38. Kg2 f4 39. Ng6+ Kh7
40. Nxf4 Nd4 41. d7 Nc6 42. Ra6 Ne5 43. Rd6 Nxc4 44. d8=Q Rxd8 45. Rxd8 Nxa3
46. Rd7 Nb5 47. Ne6 Nc3 48. Rxg7+ Kh8 49. f4 Nd5 50. Rb7 Ne3+ 51. Kh3 Nf5 52.
b5 Nd6 53. Rb8+ Kh7 54. b6 Kg6 55. b7 Kf5 56. Nc5 Kf6 1-0